Algorithmic Thinking: Learning Algorithms to Level Up Your Coding Skills 2/e

Saved in:
Bibliographic Details
Main Author: Zingaro
Format: Book
Published: No Starch
Tags: Add Tag
No Tags, Be the first to tag this record!

MARC

LEADER 00000nam a2200000Ia 4500
005 20260513122053.0
020 |a 9781718503229 
100 |a Zingaro 
365
365 |b 10.00 
942 |c BK 
245 |a Algorithmic Thinking: Learning Algorithms to Level Up Your Coding Skills 2/e 
260 |b No Starch 
999 |c 99  |d 99 
952 |0 0  |1 0  |4 0  |7 0  |a UNSW  |b UNSW  |d 2026-05-06  |g 49.99  |i 16684  |l 0  |p 000125  |r 2026-05-13 12:20:53  |v 49.99  |w 2026-05-13  |y BK